Manual Interactivo de informática forense
Presenta un manual sobre la informática forense una nueva tendencia en las tecnologías computacionales que se encarga de realizar un análisis minucioso de los sistemas informáticos o computacionales, con el fin de buscar y analizar evidencia que se colabore a una institución, en una situación...
| Main Authors: | , |
|---|---|
| Other Authors: | |
| Format: | Tesis Section = Libro |
| Language: | Undetermined Spanish |
| Published: |
Managua
UNI
2013
|
| Subjects: |
| LEADER | 01127nam a2200265Ia 4500 | ||
|---|---|---|---|
| 008 | 240830s9999 xx 000 0 und d | ||
| 040 | |a BIBLIOTECA-RUSB/ T.Mon 340 N321 | ||
| 041 | |a spa | ||
| 082 | |a T.Mon 340 N321 | ||
| 100 | 1 | |a Navarrete Torres, Abigail | |
| 100 | 1 | |b Lira González Yalmar | |
| 245 | 1 | 0 | |a Manual Interactivo de informática forense |
| 260 | |a Managua |b UNI |c 2013 | ||
| 300 | |a 61 p. :il. | ||
| 500 | |a Contiene: anexos y CD | ||
| 502 | |a Tesis (Ingeniero en Computación) - UNI, 2013. | ||
| 520 | 3 | |a Presenta un manual sobre la informática forense una nueva tendencia en las tecnologías computacionales que se encarga de realizar un análisis minucioso de los sistemas informáticos o computacionales, con el fin de buscar y analizar evidencia que se colabore a una institución, en una situación relacionada al fraude. | |
| 650 | 7 | |a DELITOS POR COMPUTADOR-ASPECTOS LEGALES | |
| 650 | 7 | |b DELITOS INFORMATICOS | |
| 650 | 7 | |c DAÑOS Y PERJUICIOS | |
| 650 | 7 | |d SEGURIDAD EN COMPUTADORAS | |
| 700 | 1 | |a Tutor: |b Flores Quintana, Gloria Talía | |
| 942 | |c BK |2 ddc | ||
| 991 | |a TESIS | ||
| 999 | |c 21732 | ||